| 000 | 00601cam a2200229 a 4500 | ||
|---|---|---|---|
| 001 | 1511272 | ||
| 005 | 20240306024508.0 | ||
| 008 | 891201s1990 enk b 001 0 eng | ||
| 020 | _a0415047889 | ||
| 020 | _a0415047897 (pbk.) | ||
| 040 |
_aDLC _cDLC _dDLC |
||
| 082 | 0 | 0 |
_a323.334 _220 _bFEM. |
| 100 | 1 | _aYoung, Alison, | |
| 245 | 1 | 0 |
_aFemininity in dissent / _cAlison Young. |
| 260 |
_aLondon ; _aNew York : _bRoutledge, _c1990. |
||
| 300 | _aix, 190 p. ; | ||
| 650 | 0 | _aWomen | |
| 650 | 0 | _aAntinuclear movement | |
| 650 | 0 | _aWomen and peace. | |
| 650 | 0 | _aGovernment, Resistance to | |
| 942 | _cL | ||
| 999 |
_c545 _d545 |
||